00488pab a2200169 454500008004000000100001600040245004000056260000900096300001300105362000800118650002100126700002000147773001800167909001000185999001700195952010600212180718b2000 xxu||||| |||| 00| 0 eng d aKearns, Ade aNew challenges for urban governance c2000 ap.845-50 aMay aLocal government aPaddison, Ronan aUrban Studies a45385 c45385d45385 00104070aIIPAbIIPAd2018-07-19hVolume no: 37, Issue no: 5-6pAR45808r2018-07-19w2018-07-19yAR